RICS Practice Alert - UK Property Management (Record no. 121798)

MARC details
000 -LEADER
fixed length control field 00872nam a22002297a 4500
008 - FIXED-LENGTH DATA ELEMENTS--GENERAL INFORMATION
fixed length control field 240212e20232002xxk|||||o|||| 00| 0 eng d
041 ## - LANGUAGE CODE
Language code of text/sound track or separate title eng
110 ## - MAIN ENTRY--CORPORATE NAME
Corporate author Royal Institution of Chartered Surveyors
245 ## - TITLE STATEMENT
Title RICS Practice Alert - UK Property Management
Medium [Email update]
260 ## - PUBLICATION INFORMATION
Place of publication London,
Publisher Royal Institution of Chartered Surveyors,
Date 30 February 2023
300 ## - PHYSICAL DESCRIPTION
Physical description email
490 ## - SERIES TITLE
Series statement RICS Practice Alert
650 ## - KEYWORDS
Keywords LANDLORD AND TENANT
650 ## - KEYWORDS
Keywords PROPERTY MANAGEMENT
650 ## - KEYWORDS
Keywords RESIDENTIAL PROPERTY
650 ## - KEYWORDS
Keywords SERVICE CHARGES
651 ## - SUBJECT ADDED ENTRY--GEOGRAPHIC NAME
Geographic name United Kingdom
690 ## - BROAD SUBJECT
9 (RLIN) 6266
Broad subject Residential property
710 ## - ADDED CORPORATE NAME
Added corporate author Royal Institution of Chartered Surveyors
856 ## - ONLINE RESOURCE
Uniform Resource Identifier <a href="https://www.rics.org/content/dam/ricsglobal/documents/regulation/RICS%20Practice%20Alert%20-%20UK%20Property%20Management.pdf">https://www.rics.org/content/dam/ricsglobal/documents/regulation/RICS%20Practice%20Alert%20-%20UK%20Property%20Management.pdf</a>
Public note View the online Practice Update
942 ## - ADDED ENTRY ELEMENTS (KOHA)
Suppress in OPAC Do not suppress in OPAC
Holdings
Lost status Damaged status Not for loan Current library Shelving location Date acquired Total Checkouts Full call number Date last seen Price effective from Koha item type
      Virtual Online 12/02/2024   email 12/02/2024 12/02/2024 email